000 00709nam a2200205Ii 4500
003 JO-AjNU
008 230605s9999||||xx |||||||||||||| ||und||
020 _a978-9933-407-25-4
040 _aJO-AjNU
_bara
_erda
_cJO-AjNU
041 _aara
050 1 4 _aPJ7942.H376.R35 2009
100 3 _aخاطر، صبري,
_eauthor
_953187
245 0 0 _aرائحة الموسيقى: قصص
264 3 1 _aدمشق: دار نينوى للدراسات والنشر والتوزيع، 2009
300 _a135ص
336 _atext
_btxt
_2rdacontent
337 _aunmediated
_bn
_2rdamedia
338 _avolume
_bnc
_2rdacarrier
650 4 _aالادب العربي - الراويات العربية - القرن 20
_953188
999 _aA23606
_c27174
_d27174